[Event "Arco op 41st"]
[Site "Arco"]
[Date "2019.10.05"]
[Round "2"]
[White "De Vita, Gianni"]
[Black "Bifulco, Michel"]
[Result "1/2-1/2"]
[WhiteElo "2011"]
[BlackElo "2276"]
[PlyCount "56"]
[EventDate "2019.10.04"]
[EventType "swiss"]
[EventRounds "9"]
[EventCountry "ITA"]
[SourceTitle "EXT 2020"]
[Source "ChessBase"]
[SourceDate "2019.10.17"]
[SourceVersion "1"]
[SourceVersionDate "2019.10.17"]
[SourceQuality "1"]

1. e4 e5 2. Nf3 Nc6 3. Bc4 Nf6 4. d3 h6 5. Nc3 d6 6. h3 g5 7. Nd5 Bg7 8. g4 Be6 9. Ne3 Bxc4 10. Nxc4 d5 11. Ncxe5 Nxe5 12. Nxe5 Qe7 13. Nf3 dxe4 14. 0-0 0-0-0 15. Qe2 Rhe8 16. Re1 Qe6 17. dxe4 Nxe4 18. c3 Qc6 19. Be3 f5 20. gxf5 Nd6 21. Rad1 Nxf5 22. Rxd8+ Rxd8 23. Bxa7 b6 24. Qa6+ Qb7 25. Qe2 Qc6 26. Qa6+ Qb7 27. Qe2 Qc6 28. Qa6+ Kd7 1/2-1/2

[Event "Lignano Sabbiadoro op 4th"]
[Site "Lignano Sabbiadoro"]
[Date "2018.07.29"]
[Round "1"]
[White "Damia, Angelo"]
[Black "De Vita, Gianni"]
[Result "1-0"]
[WhiteElo "2313"]
[BlackElo "2052"]
[PlyCount "64"]
[EventDate "2018.07.29"]
[EventType "swiss"]
[EventRounds "9"]
[EventCountry "ITA"]
[SourceTitle "CBM 185 Extra"]
[Source "ChessBase"]
[SourceDate "2018.07.29"]
[SourceVersion "1"]
[SourceVersionDate "2018.07.29"]
[SourceQuality "1"]

1. e4 e5 2. Nc3 Nf6 3. Nf3 Nc6 4. a3 g6 5. Nxe5 Nxe5 6. d4 Nc6 7. d5 Nb8 8. e5 Qe7 9. Qe2 Ng4 10. Qxg4 Qxe5+ 11. Be2 f5 12. Qa4 Bg7 13. Bf4 Qe7 14. Bxc7 Na6 15. d6 Qe5 16. Qc4 b5 17. Qxb5 Nc5 18. 0-0 Ba6 19. Qa5 Bxe2 20. Rfe1 Ne6 21. Qxe5 Bxe5 22. Ba5 Bxd6 23. Rxe2 Rc8 24. Rd1 Bc7 25. Bxc7 Rxc7 26. Nb5 Rc8 27. Rd5 Kf7 28. b4 Kf6 29. g3 Rb8 30. c4 Rhc8 31. Kg2 Rxc4 32. Kg1 Kg5 1-0

[Event "Ortisei Server24 op 4th"]
[Site "Ortisei"]
[Date "2018.06.18"]
[Round "3"]
[White "De Vita, Gianni"]
[Black "Kumar, Naman"]
[Result "1-0"]
[WhiteElo "2036"]
[BlackElo "2100"]
[PlyCount "54"]
[EventDate "2018.06.16"]
[EventType "tourn"]
[EventRounds "9"]
[EventCountry "ITA"]
[SourceTitle "CBM 185 Extra"]
[Source "ChessBase"]
[SourceDate "2018.07.29"]
[SourceVersion "1"]
[SourceVersionDate "2018.07.29"]
[SourceQuality "1"]

1. e4 c5 2. c3 Nf6 3. e5 Nd5 4. Nf3 Nc6 5. Bc4 Nb6 6. Bb3 e6 7. 0-0 c4 8. Bc2 d6 9. exd6 Bxd6 10. b3 Qe7 11. Qe2 cxb3 12. axb3 Nd5 13. d4 Nf4 14. Bxf4 Bxf4 15. Na3 a6 16. Rfe1 Bc7 17. Qd3 Qf6 18. Nb5 Bb8 19. d5 Ne7 20. d6 Ng6 21. Nc7+ Bxc7 22. dxc7 Nf4 23. Qd6 Bd7 24. Rad1 Bc6 25. Be4 e5 26. Bxc6+ bxc6 27. Qd7+ Kf8 1-0

[Event "Arco op-A 39th"]
[Site "Arco"]
[Date "2017.10.12"]
[Round "6"]
[White "Morselli, Stefano"]
[Black "De Vita, Gianni"]
[Result "0-1"]
[WhiteElo "1849"]
[BlackElo "2058"]
[PlyCount "50"]
[EventDate "2017.10.07"]
[EventType "swiss"]
[EventRounds "9"]
[EventCountry "ITA"]
[SourceTitle "CBM 181 Extra"]
[Source "ChessBase"]
[SourceDate "2017.12.12"]
[SourceVersion "1"]
[SourceVersionDate "2017.12.12"]
[SourceQuality "1"]

1. e4 c5 2. g3 Nc6 3. Bg2 e6 4. Ne2 Nf6 5. c3 d5 6. exd5 exd5 7. d4 Bg4 8. f3 Bf5 9. Be3 c4 10. Nd2 Bd6 11. b3 Ba3 12. bxc4 Bb2 13. Rb1 Bxb1 14. Qxb1 Ba3 15. Bg5 0-0 16. Bxf6 Qxf6 17. cxd5 Na5 18. Qd3 Rfe8 19. 0-0 Rac8 20. c4 Bb4 21. Ne4 Qa6 22. d6 Qxc4 23. Qb1 Rcd8 24. Rc1 Qxe2 25. Qxb4 Qe3+ 0-1

[Event "Caldaro Puntay op-A 1st"]
[Site "Caldaro"]
[Date "2016.10.22"]
[Round "3"]
[White "De Vita, Gianni"]
[Black "Paltrinieri, Nicholas"]
[Result "0-1"]
[WhiteElo "2054"]
[BlackElo "2235"]
[PlyCount "108"]
[EventDate "2016.10.21"]
[EventType "swiss"]
[EventRounds "5"]
[EventCountry "ITA"]
[SourceTitle "EXT 2018"]
[Source "ChessBase"]
[SourceDate "2017.10.13"]
[SourceVersion "1"]
[SourceVersionDate "2017.10.13"]
[SourceQuality "1"]

1. e4 e6 2. d4 d5 3. exd5 exd5 4. Nf3 Nf6 5. Bg5 Be7 6. Bd3 0-0 7. Nbd2 Re8 8. 0-0 Nbd7 9. Re1 a6 10. Ne5 h6 11. Bh4 Nxe5 12. dxe5 Nd7 13. Bg3 Nc5 14. Nf3 Nxd3 15. Qxd3 c5 16. Rad1 Be6 17. h3 b5 18. Nh2 Qd7 19. Nf1 Red8 20. c3 Rac8 21. Rc1 d4 22. a3 Bf5 23. Qf3 d3 24. Nd2 c4 25. Bf4 Be6 26. Qg3 Kh7 27. Be3 Bd5 28. Bd4 Qe6 29. f4 g6 30. Qe3 g5 31. Rcd1 Rg8 32. f5 Qxf5 33. Rf1 Qg6 34. g4 Rge8 35. Rf5 Kg8 36. Rdf1 Rf8 37. Ne4 Bxe4 38. Qxe4 Rc6 39. Kf2 Re6 40. Ke3 Bd8 41. Kd2 Rfe8 42. Qb7 R6e7 43. Qd5 Bc7 44. Rf6 Qh7 45. R1f5 Qg7 46. Qc5 Bb8 47. Qd5 Re6 48. Qc5 R8e7 49. Qc8+ Re8 50. Qc5 Qf8 51. Qd5 Qe7 52. Bc5 Qd8 53. Qxd8 Rxd8 54. Rf1 Bxe5 0-1

[Event "Arco op 38th"]
[Site "Arco"]
[Date "2016.10.16"]
[Round "9"]
[White "Wagner, Frank"]
[Black "De Vita, Gianni"]
[Result "0-1"]
[WhiteElo "1889"]
[BlackElo "2054"]
[PlyCount "98"]
[EventDate "2016.10.08"]
[EventType "swiss"]
[EventRounds "9"]
[EventCountry "ITA"]
[SourceTitle "EXT 2017"]
[Source "ChessBase"]
[SourceDate "2016.10.25"]
[SourceVersion "1"]
[SourceVersionDate "2016.10.25"]
[SourceQuality "1"]

1. c4 e5 2. Nc3 Nf6 3. d3 c6 4. Nf3 d6 5. g3 Be7 6. Bg2 0-0 7. 0-0 Bg4 8. h3 Bh5 9. b4 Qc8 10. Bg5 Bxf3 11. exf3 h6 12. Bxf6 Bxf6 13. Ne4 Be7 14. Qb3 Qe6 15. Rfd1 f5 16. Nc3 Nd7 17. Ne2 g5 18. Re1 Qf7 19. d4 e4 20. fxe4 fxe4 21. Rf1 d5 22. c5 a6 23. a4 Kh8 24. g4 Qg7 25. Rad1 Rf7 26. b5 axb5 27. axb5 Raf8 28. bxc6 bxc6 29. Ng3 Qg6 30. Qe3 Bd8 31. Ra1 Bc7 32. Ra7 Bf4 33. Qc3 Qe6 34. Nh5 e3 35. f3 Re8 36. Re1 Nf6 37. Rxf7 Qxf7 38. Nxf4 gxf4 39. Bf1 Nh7 40. Bd3 Ng5 41. Kg2 Qf6 42. Rh1 Ne6 43. h4 Qxd4 44. Qc2 Nxc5 45. Rd1 Rb8 46. Rb1 Rxb1 47. Qxb1 Nxd3 48. Qb8+ Kh7 49. Qe8 Qb2+ 0-1

[Event "Arco op 38th"]
[Site "Arco"]
[Date "2016.10.13"]
[Round "6"]
[White "De Vita, Gianni"]
[Black "Blasco, Domenico"]
[Result "1-0"]
[WhiteElo "2054"]
[BlackElo "1892"]
[PlyCount "37"]
[EventDate "2016.10.08"]
[EventType "swiss"]
[EventRounds "9"]
[EventCountry "ITA"]
[SourceTitle "EXT 2017"]
[Source "ChessBase"]
[SourceDate "2016.10.25"]
[SourceVersion "1"]
[SourceVersionDate "2016.10.25"]
[SourceQuality "1"]

1. e4 g6 2. d4 Bg7 3. Nf3 c5 4. c3 cxd4 5. cxd4 d5 6. e5 Nh6 7. Bd3 0-0 8. 0-0 Nc6 9. Nc3 Nf5 10. Bb1 e6 11. Bxf5 exf5 12. Bg5 f6 13. exf6 Bxf6 14. Bxf6 Rxf6 15. Qb3 Ne7 16. Rfe1 Rb6 17. Qa3 Nc6 18. Nxd5 Qxd5 19. Re8+ 1-0

[Event "Arco op 38th"]
[Site "Arco"]
[Date "2016.10.09"]
[Round "2"]
[White "De Vita, Gianni"]
[Black "Haag, Martin"]
[Result "0-1"]
[WhiteElo "2054"]
[BlackElo "2267"]
[PlyCount "80"]
[EventDate "2016.10.08"]
[EventType "swiss"]
[EventRounds "9"]
[EventCountry "ITA"]
[SourceTitle "EXT 2017"]
[Source "ChessBase"]
[SourceDate "2016.10.25"]
[SourceVersion "1"]
[SourceVersionDate "2016.10.25"]
[SourceQuality "1"]

1. e4 c5 2. Nf3 e6 3. d4 cxd4 4. Nxd4 a6 5. Nc3 Qc7 6. a3 b5 7. Be2 Bb7 8. 0-0 Nf6 9. Bf3 Nc6 10. Nxc6 dxc6 11. Qe2 e5 12. Bg5 Be7 13. Rfd1 0-0 14. Rd3 Rfd8 15. Rad1 h6 16. Bc1 Rxd3 17. Rxd3 Rd8 18. Qd1 c5 19. Rxd8+ Qxd8 20. Qxd8+ Bxd8 21. g4 Nd7 22. Ne2 Bg5 23. Bxg5 hxg5 24. Kf1 Kf8 25. Ke1 Ke7 26. Kd2 Kd6 27. b3 b4 28. a4 c4 29. Nc1 cxb3 30. cxb3 Nc5 31. Ke3 a5 32. Bg2 g6 33. f3 Ba6 34. Kd2 Ne6 35. Ke3 Nf4 36. Bh1 Kc5 37. Na2 Bc8 38. Nc1 Be6 39. Kd2 Kd4 40. Kc2 Ke3 0-1

[Event "Arco op 38th"]
[Site "Arco"]
[Date "2016.10.08"]
[Round "1"]
[White "Calcari, Manuel"]
[Black "De Vita, Gianni"]
[Result "0-1"]
[WhiteElo "1726"]
[BlackElo "2054"]
[PlyCount "66"]
[EventDate "2016.10.08"]
[EventType "swiss"]
[EventRounds "9"]
[EventCountry "ITA"]
[SourceTitle "EXT 2017"]
[Source "ChessBase"]
[SourceDate "2016.10.25"]
[SourceVersion "1"]
[SourceVersionDate "2016.10.25"]
[SourceQuality "1"]

1. e4 c5 2. Nf3 d6 3. Bc4 e6 4. Nc3 Nc6 5. 0-0 Nf6 6. Re1 Be7 7. d4 cxd4 8. Nxd4 0-0 9. Be3 Bd7 10. Ndb5 Qb8 11. Bg5 Ne5 12. Bb3 Bxb5 13. Nxb5 Rd8 14. f4 Ng6 15. f5 exf5 16. exf5 Ne5 17. Nd4 Qc7 18. c3 a6 19. Qe2 Re8 20. Bf4 Bf8 21. Bxe5 dxe5 22. Nf3 Ng4 23. h3 Bc5+ 24. Nd4 Nf6 25. Qc4 b5 26. Qd3 exd4 27. cxd4 Bb6 28. Rac1 Rxe1+ 29. Rxe1 Rd8 30. Kh1 Rxd4 31. Qf3 Rd8 32. g4 h6 33. h4 Rd2 0-1

[Event "Condino op 11th"]
[Site "Condino"]
[Date "2011.07.29"]
[Round "6"]
[White "De Vita, Gianni"]
[Black "Pichler, Christoph"]
[Result "1-0"]
[WhiteElo "2090"]
[BlackElo "1904"]
[PlyCount "95"]
[EventDate "2011.07.25"]
[EventType "swiss"]
[EventRounds "7"]
[EventCountry "ITA"]
[SourceTitle "EXT 2012"]
[Source "ChessBase"]
[SourceDate "2011.11.24"]
[SourceVersion "1"]
[SourceVersionDate "2011.11.24"]
[SourceQuality "1"]

1. e4 e5 2. Nf3 Nc6 3. Bc4 Bc5 4. d3 Nf6 5. c3 d6 6. Bb3 0-0 7. Nbd2 Ne7 8. 0-0 Ng6 9. Nc4 c6 10. d4 exd4 11. cxd4 Bb4 12. a3 Ba5 13. Nxa5 Qxa5 14. Qd3 Bg4 15. Ng5 Rae8 16. Bd2 Qd8 17. h3 Bc8 18. Rae1 Re7 19. f4 Rfe8 20. Qb1 Qb6 21. Qd3 Nf8 22. e5 dxe5 23. Bxf7+ Rxf7 24. fxe5 Rfe7 25. exf6 gxf6 26. Rxe7 Rxe7 27. Rxf6 Qd8 28. Bb4 Re1+ 29. Bxe1 Qxf6 30. Ne4 Qg6 31. Qe3 Bf5 32. Ng3 Be6 33. d5 Bxd5 34. Qxa7 Qc2 35. Qf2 Qg6 36. Bc3 Ne6 37. Nf5 Kf8 38. g4 Ke8 39. Qg3 Nd8 40. Qe5+ Ne6 41. Qb8+ Nd8 42. Ba5 Qf6 43. Nd6+ Kd7 44. Nf5 Ne6 45. Qxb7+ Ke8 46. Bc3 Qd8 47. Be5 Ng5 48. Nd6+ 1-0

[Event "Porto San Giorgio op 13th"]
[Site "Porto San Giorgio"]
[Date "2001.08.29"]
[Round "9"]
[White "Scalcione, Michelangelo"]
[Black "De Vita, Gianni"]
[Result "1-0"]
[WhiteElo "2249"]
[BlackElo "2113"]
[PlyCount "47"]
[EventDate "2001.08.21"]
[EventType "swiss"]
[EventRounds "9"]
[EventCountry "ITA"]
[SourceTitle "EXT 2002"]
[Source "ChessBase"]
[SourceDate "2001.11.25"]
[SourceVersion "1"]
[SourceVersionDate "2001.11.25"]
[SourceQuality "1"]

1. Nf3 d5 2. d4 Nf6 3. c4 e6 4. Nc3 c6 5. Bg5 h6 6. Bxf6 Qxf6 7. e3 Nd7 8. Qc2 Qd8 9. cxd5 exd5 10. Bd3 Nf6 11. 0-0-0 Be6 12. Ne5 Nd7 13. f4 Nxe5 14. dxe5 g6 15. e4 d4 16. f5 dxc3 17. fxe6 cxb2+ 18. Kb1 fxe6 19. Bc4 Qa5 20. Bxe6 Qxe5 21. Bd7+ Ke7 22. Bxc6 Rc8 23. Rd7+ Kf6 24. Qf2+ 1-0

[Event "Porto San Giorgio op 13th"]
[Site "Porto San Giorgio"]
[Date "2001.08.21"]
[Round "1"]
[White "Laketic, Gojko"]
[Black "De Vita, Gianni"]
[Result "1-0"]
[WhiteElo "2444"]
[BlackElo "2113"]
[PlyCount "69"]
[EventDate "2001.08.21"]
[EventType "swiss"]
[EventRounds "9"]
[EventCountry "ITA"]
[SourceTitle "EXT 2002"]
[Source "ChessBase"]
[SourceDate "2001.11.25"]
[SourceVersion "1"]
[SourceVersionDate "2001.11.25"]
[SourceQuality "1"]

1. d4 d5 2. c4 e6 3. Nc3 c6 4. e3 Bd6 5. Nf3 Nf6 6. Qc2 Nbd7 7. e4 dxe4 8. Nxe4 Bb4+ 9. Bd2 Qe7 10. 0-0-0 Bxd2+ 11. Rxd2 c5 12. Bd3 cxd4 13. Nxd4 Nc5 14. Nxf6+ Qxf6 15. Nb5 Nxd3+ 16. Qxd3 0-0 17. Nc7 Rb8 18. Re1 e5 19. Qg3 Qc6 20. Qxe5 Qxc4+ 21. Rc2 Qg4 22. Ne8 Ra8 23. f3 Qg6 24. Rc7 Be6 25. Nxg7 Bxa2 26. Nf5 Rae8 27. Qxe8 Qxf5 28. Qe4 Qg5+ 29. f4 Qb5 30. Qe5 Qd3 31. Qe4 Qd6 32. Rc3 Rd8 33. Qe3 b5 34. f5 Qd5 35. Qg5+ 1-0

[Event "Campobasso op 5th"]
[Site "Campobasso"]
[Date "1998.09.11"]
[Round "2"]
[White "De Vita, Gianni"]
[Black "Ciolac, Gheorghe"]
[Result "0-1"]
[WhiteElo "2130"]
[BlackElo "2375"]
[PlyCount "26"]
[EventDate "1998.09.11"]
[EventType "swiss"]
[EventRounds "6"]
[EventCountry "ITA"]
[SourceTitle "EXT 2000"]
[Source "ChessBase"]
[SourceDate "1999.11.16"]
[SourceVersion "1"]
[SourceVersionDate "1999.11.16"]
[SourceQuality "1"]

1. e4 e5 2. Nf3 Nc6 3. d4 exd4 4. Nxd4 Bb4+ 5. c3 Bc5 6. Be3 Bb6 7. Bc4 Ne5 8. Be2 Nf6 9. Nd2 d5 10. Qc2 0-0 11. 0-0 c5 12. N4b3 d4 13. cxd4 cxd4 0-1